书目信息 |
| 题名: |
中国结艺
|
|
| 作者: | 文玉 编选 | |
| 分册: | ||
| 出版信息: | 武汉 中国建材工业出版社 2000.03 |
|
| 页数: | 160页 | |
| 开本: | 32开 | |
| 丛书名: | ||
| 单 册: | ||
| 中图分类: | J523.4 | |
| 科图分类: | ||
| 主题词: | 工艺美术--中国 | |
| 电子资源: | ||
| ISBN: | 7-80090-991-3 | |
| 000 | 00535nam0 2200193 45 | |
| 001 | 0007180023 | |
| 005 | 20000718001158.3 | |
| 010 | @a7-80090-991-3@d18.80元 | |
| 100 | @a20000718d2000 km y0chiy0120 ea | |
| 101 | 0 | @achi |
| 105 | @a z 000yy | |
| 200 | 1 | @a中国结艺@AZhong Guo Jie Yi@f文玉编选@FWen Yu Bian Xuan |
| 210 | @a武汉@c中国建材工业出版社@d2000.03 | |
| 215 | @a160页@d32开 | |
| 606 | 0 | @a工艺美术@x中国 |
| 690 | @aJ523.4@v3 | |
| 701 | 0 | @a文玉@4编选 |
| 801 | @aCN@bPftUser@c20000718 | |
| 905 | @b74954-955@dJ523.4@eW.799@f2 | |
| 中国结艺/文玉编选.-武汉:中国建材工业出版社,2000.03 |
| 160页;32开 |
| ISBN 7-80090-991-3:18.80元 |
| ● |
| 相关链接 |
|
|
|
正题名:中国结艺
索取号:J523.4/W.799
 
预约/预借
| 序号 | 登录号 | 条形码 | 馆藏地/架位号 | 状态 | 备注 |
| 1 | 74954 | 200749547 | 社科库309/309社科库 86排3列5层/ [索取号:J523.4/W.799] | 在馆 | |
| 2 | 74955 | 200749556 | 社科库309/ [索取号:J523.4/W.799] | 在馆 |